[Event "Winnipeg TNT May op"]
[Site "Winnipeg CAN"]
[Date "2017.05.23"]
[Round "4"]
[White "Lei, Yanyu"]
[Black "Letain, Cory"]
[Result "0-1"]
[WhiteElo "1262"]
[BlackElo "1699"]
[WhiteFideId "-1"]
[WhiteFideId "-1"]
[PlyCount "124"]
[GameId "2160767908411618"]
[EventDate "2017.05.02"]
[EventType "swiss"]
[EventRounds "5"]
[EventCountry "CAN"]
[SourceTitle "EXT 2022"]
[Source "ChessBase"]
[SourceDate "2021.10.06"]
[SourceVersion "1"]
[SourceVersionDate "2021.10.06"]
[SourceQuality "1"]

1. d4 Nf6 2. c4 g6 3. Nc3 Bg7 4. Bg5 O-O 5. e3 d6 6. Bd3 Nc6 7. Nge2 a6 8. a3 Bg4 9. f3 Bd7 10. Qc2 Qc8 11. g4 e5 12. h4 h6 13. Bxf6 Bxf6 14. h5 g5 15. f4 Bxg4 16. fxg5 Bxg5 17. Nd5 Bxe2 18. Qxe2 exd4 19. O-O-O dxe3 20. Kb1 Nd4 21. Qf1 e2 22. Bxe2 Nxe2 23. Qxe2 Qf5+ 24. Ka2 c6 25. Ne7+ Bxe7 26. Qxe7 Qe6 27. Qxe6 fxe6 28. Rxd6 Rae8 29. Re1 Rf6 30. Kb3 Kf7 31. Kc3 Rf5 32. Rd7+ Re7 33. Rxe7+ Kxe7 34. Rh1 c5 35. b4 Rf3+ 36. Kb2 b6 37. Rg1 Rf5 38. Rg7+ Rf7 39. Rg8 Rf8 40. Rg7+ Rf7 41. Rg8 cxb4 42. axb4 a5 43. bxa5 bxa5 44. Kb3 Rf5 45. Ra8 Rxh5 46. Ka4 Rc5 47. Kb3 Kf6 48. Rxa5 Rxa5 49. Kb4 Rg5 50. c5 Rxc5 51. Kxc5 Ke5 52. Kc6 h5 53. Kd7 h4 54. Ke7 h3 55. Kf7 h2 56. Ke7 h1=Q 57. Kd7 Qd5+ 58. Ke7 Qd6+ 59. Kf7 Kf5 60. Kg7 Qe7+ 61. Kg8 Kg6 62. Kh8 Qg7# 0-1

[Event "Winnipeg TNT May op"]
[Site "Winnipeg CAN"]
[Date "2017.05.23"]
[Round "4"]
[White "Reimer, Bruce"]
[Black "Bince, Rolando"]
[Result "0-1"]
[WhiteElo "1696"]
[BlackElo "2085"]
[WhiteFideId "-1"]
[WhiteFideId "-1"]
[PlyCount "76"]
[GameId "2160767908411619"]
[EventDate "2017.05.02"]
[EventType "swiss"]
[EventRounds "5"]
[EventCountry "CAN"]
[SourceTitle "EXT 2022"]
[Source "ChessBase"]
[SourceDate "2021.10.06"]
[SourceVersion "1"]
[SourceVersionDate "2021.10.06"]
[SourceQuality "1"]

1. c4 e5 2. g3 Nf6 3. Bg2 c6 4. e4 Bc5 5. Ne2 Qb6 6. h3 Bxf2+ 7. Kf1 Bc5 8. Nbc3 Qc7 9. Na4 Be7 10. Kg1 O-O 11. Kh2 d6 12. a3 Be6 13. d3 a5 14. Be3 Nbd7 15. Ng1 Rfb8 16. Nc3 Nf8 17. Nf3 d5 18. cxd5 cxd5 19. exd5 Nxd5 20. Nxd5 Bxd5 21. Rc1 Bc6 22. Rf1 Rd8 23. Ng5 Bxg5 24. Bxg5 Rd6 25. b4 axb4 26. axb4 Qd7 27. Bxc6 bxc6 28. Qc2 Ne6 29. Be3 h6 30. Rcd1 f6 31. Qb3 Kh7 32. Qc2 Nd4 33. Qg2 Qe6 34. Bxd4 Rxd4 35. b5 Ra2 36. b6 Rxg2+ 37. Kxg2 c5 38. b7 Qc6+ 0-1

[Event "Winnipeg TNT May op"]
[Site "Winnipeg CAN"]
[Date "2017.05.23"]
[Round "4"]
[White "Remillard, John"]
[Black "Trueman, Francis"]
[Result "1/2-1/2"]
[WhiteElo "1644"]
[BlackElo "1434"]
[WhiteFideId "-1"]
[WhiteFideId "-1"]
[PlyCount "90"]
[GameId "2160767908411620"]
[EventDate "2017.05.02"]
[EventType "swiss"]
[EventRounds "5"]
[EventCountry "CAN"]
[SourceTitle "EXT 2022"]
[Source "ChessBase"]
[SourceDate "2021.10.06"]
[SourceVersion "1"]
[SourceVersionDate "2021.10.06"]
[SourceQuality "1"]

1. d4 Nf6 2. Nf3 d6 3. Bf4 g6 4. Nbd2 Bg7 5. c3 O-O 6. h3 Nbd7 7. e4 Re8 8. Bb5 e5 9. dxe5 dxe5 10. Be3 c6 11. Ba4 Qe7 12. b4 Nb6 13. Bc2 Qc7 14. a4 Be6 15. O-O Rad8 16. Qb1 Nh5 17. a5 Nc4 18. Nxc4 Bxc4 19. Rd1 Be2 20. Rxd8 Qxd8 21. Ne1 g5 22. Bd1 Bxd1 23. Qxd1 Qxd1 24. Rxd1 h6 25. Bxa7 Nf6 26. f3 Bf8 27. Bb6 h5 28. Rd8 Rxd8 29. Bxd8 Kg7 30. Nc2 g4 31. hxg4 hxg4 32. c4 Kg6 33. b5 cxb5 34. cxb5 Bc5+ 35. Kf1 gxf3 36. gxf3 Nd7 37. a6 bxa6 38. bxa6 f6 39. Nb4 Nb8 40. Bc7 Nd7 41. Nc6 Kg5 42. a7 Bxa7 43. Nxa7 Nc5 44. Nb5 Kf4 45. Ke2 Nxe4 1/2-1/2

[Event "Winnipeg TNT May op"]
[Site "Winnipeg CAN"]
[Date "2017.05.23"]
[Round "4"]
[White "Swift, Ryne"]
[Black "Magyar, Peter"]
[Result "1-0"]
[WhiteElo "1913"]
[BlackElo "1522"]
[WhiteFideId "-1"]
[WhiteFideId "-1"]
[PlyCount "65"]
[GameId "2160767908411621"]
[EventDate "2017.05.02"]
[EventType "swiss"]
[EventRounds "5"]
[EventCountry "CAN"]
[SourceTitle "EXT 2022"]
[Source "ChessBase"]
[SourceDate "2021.10.06"]
[SourceVersion "1"]
[SourceVersionDate "2021.10.06"]
[SourceQuality "1"]

1. e4 e6 2. d4 d5 3. e5 c5 4. c3 Nc6 5. Nf3 h6 6. Be3 cxd4 7. cxd4 Bb4+ 8. Nc3 Nge7 9. Bd3 O-O 10. O-O a6 11. Rc1 Bd7 12. a3 Ba5 13. b4 Bc7 14. Nd2 Nf5 15. Bxf5 exf5 16. Nxd5 Be6 17. Nxc7 Qxc7 18. Nc4 Qe7 19. d5 Rfd8 20. Nb6 Rab8 21. Qb3 Nxe5 22. dxe6 fxe6 23. Bf4 Rd3 24. Rc3 Qd6 25. Bxe5 Qxe5 26. Rxd3 Re8 27. Nd7 Qc7 28. Nc5 Kh8 29. Nxe6 Qf7 30. Nf4 Qf6 31. g3 Rc8 32. Qe6 Qf8 33. Ng6+ 1-0

[Event "Winnipeg TNT May op"]
[Site "Winnipeg CAN"]
[Date "2017.05.23"]
[Round "4"]
[White "Wiebe, Isaac"]
[Black "Baron, Gustav"]
[Result "1-0"]
[WhiteElo "2243"]
[BlackElo "2128"]
[WhiteFideId "-1"]
[WhiteFideId "-1"]
[PlyCount "75"]
[GameId "2160767908411622"]
[EventDate "2017.05.02"]
[EventType "swiss"]
[EventRounds "5"]
[EventCountry "CAN"]
[SourceTitle "EXT 2022"]
[Source "ChessBase"]
[SourceDate "2021.10.06"]
[SourceVersion "1"]
[SourceVersionDate "2021.10.06"]
[SourceQuality "1"]

1. e4 e6 2. Nf3 c5 3. Nc3 a6 4. d4 cxd4 5. Nxd4 Qc7 6. Be2 Nf6 7. O-O Nc6 8. Nxc6 dxc6 9. f4 Bc5+ 10. Kh1 O-O 11. e5 Nd5 12. Ne4 Be7 13. c4 Nb6 14. Be3 c5 15. Rf3 Bd7 16. Rh3 Bc6 17. Bd3 Bxe4 18. Bxe4 g6 19. b3 Rfd8 20. Qf3 Rd7 21. g4 Rad8 22. g5 Nc8 23. Rg1 b5 24. Rg4 Bf8 25. Rgh4 h5 26. gxh6 Ne7 27. Rg4 Kh7 28. Rhg3 Nf5 29. Rg1 Bxh6 30. Bxf5 exf5 31. Rh4 Kg7 32. e6 Rd3 33. Rh3 R8d6 34. exf7 Qxf7 35. Qg2 bxc4 36. bxc4 Qxc4 37. Qb2+ Kh7 38. Rxh6+ 1-0

[Event "Winnipeg TNT May op"]
[Site "Winnipeg CAN"]
[Date "2017.05.23"]
[Round "4"]
[White "Wolchock, Theo"]
[Black "Einarsson, Ken"]
[Result "1-0"]
[WhiteElo "2071"]
[BlackElo "1752"]
[WhiteFideId "-1"]
[WhiteFideId "-1"]
[PlyCount "63"]
[GameId "2160767908411623"]
[EventDate "2017.05.02"]
[EventType "swiss"]
[EventRounds "5"]
[EventCountry "CAN"]
[SourceTitle "EXT 2022"]
[Source "ChessBase"]
[SourceDate "2021.10.06"]
[SourceVersion "1"]
[SourceVersionDate "2021.10.06"]
[SourceQuality "1"]

1. c4 c6 2. d4 d5 3. cxd5 cxd5 4. Nc3 Nf6 5. f3 Bf5 6. Bg5 e6 7. e4 dxe4 8. fxe4 Bg4 9. Bxf6 Qxf6 10. Qxg4 a6 11. Nf3 Be7 12. Bc4 O-O 13. O-O Nc6 14. e5 Qh6 15. Rad1 Rad8 16. Kh1 b5 17. Bd3 Nb4 18. Be4 Nd5 19. Nxd5 exd5 20. Bb1 Rc8 21. Nd2 Rc7 22. Rf3 Qg5 23. Qxg5 Bxg5 24. Nb3 Rfc8 25. Nc5 Be7 26. Bf5 Ra8 27. Rc3 b4 28. Rc2 a5 29. Na4 Rxc2 30. Bxc2 Rc8 31. Bb3 Rd8 32. Nb6 1-0

[Event "Winnipeg TNT May op"]
[Site "Winnipeg CAN"]
[Date "2017.05.30"]
[Round "5"]
[White "Baron, Gustav"]
[Black "Wolchock, Theo"]
[Result "1-0"]
[WhiteElo "2128"]
[BlackElo "2071"]
[WhiteFideId "-1"]
[WhiteFideId "-1"]
[PlyCount "136"]
[GameId "2160767908411624"]
[EventDate "2017.05.02"]
[EventType "swiss"]
[EventRounds "5"]
[EventCountry "CAN"]
[SourceTitle "EXT 2022"]
[Source "ChessBase"]
[SourceDate "2021.10.06"]
[SourceVersion "1"]
[SourceVersionDate "2021.10.06"]
[SourceQuality "1"]

1. d4 d5 2. c4 c6 3. Nc3 Nf6 4. cxd5 cxd5 5. Bf4 Nc6 6. e3 Bf5 7. Nf3 e6 8. Bb5 a6 9. Bxc6+ bxc6 10. Qa4 Qb6 11. Ne5 Rc8 12. O-O Be7 13. a3 O-O 14. b4 Rfd8 15. h3 Nd7 16. g4 Nxe5 17. Bxe5 Bd3 18. Rfd1 Bg6 19. Qb3 a5 20. Na4 Qb5 21. Nc5 Bxc5 22. dxc5 Qe2 23. Ra2 Qf3 24. Kh2 Be4 25. Rg1 d4 26. Qd1 dxe3 27. Qxf3 Bxf3 28. Bd6 Bd5 29. Rb2 exf2 30. Rxf2 axb4 31. axb4 Ra8 32. Rgf1 Rd7 33. g5 Ra4 34. Rf4 Ra2+ 35. R1f2 Ra1 36. Rf1 Ra2+ 37. Kg3 Rg2+ 38. Kh4 h6 39. Rg4 hxg5+ 40. Rxg5 Rxg5 41. Kxg5 f6+ 42. Kg4 Rb7 43. Rb1 Kf7 44. h4 e5 45. h5 Ke6 46. Rb2 Be4 47. Bf8 Kd5 48. Kh3 f5 49. Bd6 Bf3 50. Kh4 e4 51. Kg5 Bg4 52. Bf4 Kc4 53. Bd2 Kd3 54. Bf4 Re7 55. b5 cxb5 56. c6 e3 57. Rb3+ Kc4 58. Rxe3 Rxe3 59. Bxe3 Bf3 60. c7 Bb7 61. Kxf5 b4 62. Bf4 b3 63. Be5 Kd5 64. Bxg7 Kd6 65. Be5+ Ke7 66. h6 Ba6 67. h7 Bd3+ 68. Kf4 Bxh7 1-0

[Event "Winnipeg TNT May op"]
[Site "Winnipeg CAN"]
[Date "2017.05.30"]
[Round "5"]
[White "Beach, Brock"]
[Black "Kernetsky, Myron"]
[Result "0-1"]
[WhiteElo "1865"]
[BlackElo "2125"]
[WhiteFideId "-1"]
[WhiteFideId "-1"]
[PlyCount "74"]
[GameId "2160767908411625"]
[EventDate "2017.05.02"]
[EventType "swiss"]
[EventRounds "5"]
[EventCountry "CAN"]
[SourceTitle "EXT 2022"]
[Source "ChessBase"]
[SourceDate "2021.10.06"]
[SourceVersion "1"]
[SourceVersionDate "2021.10.06"]
[SourceQuality "1"]

1. d4 Nf6 2. c4 e6 3. Nf3 b6 4. a3 Ba6 5. Qc2 Bb7 6. Nc3 d5 7. Bg5 Be7 8. e3 Nbd7 9. cxd5 exd5 10. Bd3 O-O 11. Ne5 h6 12. Bxf6 Nxf6 13. O-O a6 14. Na4 Bd6 15. f4 Qe8 16. Rae1 Ne4 17. Nc3 f6 18. Nf3 Rd8 19. Nxe4 dxe4 20. Bc4+ Kh8 21. Nh4 Qh5 22. Qf2 f5 23. g3 Rf6 24. Qe2 Qe8 25. Bxa6 Ba8 26. g4 fxg4 27. Qxg4 Bc6 28. Bc4 Bd7 29. f5 g5 30. Ng2 Qe7 31. Rf2 Rdf8 32. Ref1 c6 33. h4 Qh7 34. Be6 Qg7 35. Qxe4 gxh4 36. Kh1 Bxe6 37. Nxh4 Bd5 0-1

[Event "Winnipeg TNT May op"]
[Site "Winnipeg CAN"]
[Date "2017.05.30"]
[Round "5"]
[White "Bince, Rolando"]
[Black "Rutter, Blair"]
[Result "1/2-1/2"]
[WhiteElo "2085"]
[BlackElo "2038"]
[WhiteFideId "-1"]
[WhiteFideId "-1"]
[PlyCount "95"]
[GameId "2160767908411626"]
[EventDate "2017.05.02"]
[EventType "swiss"]
[EventRounds "5"]
[EventCountry "CAN"]
[SourceTitle "EXT 2022"]
[Source "ChessBase"]
[SourceDate "2021.10.06"]
[SourceVersion "1"]
[SourceVersionDate "2021.10.06"]
[SourceQuality "1"]

1. e4 e6 2. d4 d5 3. Nc3 Nf6 4. Bg5 Be7 5. Bxf6 Bxf6 6. Nf3 a6 7. Bd3 Nc6 8. e5 Bg5 9. h4 Be7 10. a3 Bd7 11. b4 Na7 12. Qe2 Nb5 13. Nxb5 axb5 14. c3 c6 15. g3 b6 16. O-O h6 17. Nd2 h5 18. f4 g6 19. Nf3 Qc7 20. Ra2 Ra4 21. Rfa1 Kf8 22. Bc2 Ra8 23. Ng5 Kg7 24. Qd3 Rhg8 25. a4 bxa4 26. Rxa4 Rxa4 27. Rxa4 c5 28. b5 cxd4 29. c4 dxc4 30. Rxc4 Bc5 31. Ba4 Qa7 32. Ne4 Ra8 33. Kh2 Qa5 34. Nd6 Ra7 35. Qd1 Rc7 36. Qd3 Qe1 37. Ne4 Bc8 38. Rc2 Bb7 39. Re2 Qa1 40. Bb3 Be7 41. Ra2 Qc1 42. Rc2 Rxc2+ 43. Bxc2 Bxe4 44. Qxe4 Qd2+ 45. Kh3 Bc5 46. Bd3 Qe3 47. Qxe3 dxe3 48. Kg2 1/2-1/2

[Event "Winnipeg TNT May op"]
[Site "Winnipeg CAN"]
[Date "2017.05.30"]
[Round "5"]
[White "Czypinski, Jaroslaw"]
[Black "Goodman, Clifford"]
[Result "1/2-1/2"]
[WhiteElo "1988"]
[BlackElo "1611"]
[WhiteFideId "-1"]
[WhiteFideId "-1"]
[PlyCount "94"]
[GameId "2160767740940932"]
[EventDate "2017.05.02"]
[EventType "swiss"]
[EventRounds "5"]
[EventCountry "CAN"]

1. e4 c6 2. d4 d5 3. Nc3 dxe4 4. Nxe4 Bf5 5. Ng3 Bg6 6. Nf3 Nf6 7. Bd3 Bxd3 8. Qxd3 e6 9. O-O Be7 10. Ne4 Nbd7 11. Nxf6+ Nxf6 12. Bf4 Bd6 13. Be5 Bxe5 14. Nxe5 O-O 15. Rad1 Nd7 16. Rd2 Nxe5 17. dxe5 Qd5 18. Qe3 Qxa2 19. Rd7 Rad8 20. Rxb7 Qa6 21. Rc7 Rc8 22. Rxc8 Qxc8 23. Qc5 Qc7 24. Rd1 Rd8 25. Rd6 h6 26. Qd4 Rxd6 27. exd6 Qd7 28. c4 f6 29. c5 e5 30. Qc4+ Qf7 31. Qd3 Qd7 32. Kf1 Kf7 33. Ke1 g6 34. Qb3+ Kf8 35. Qb8+ Kf7 36. Qb3+ Kf8 37. Qb8+ Kf7 38. f3 h5 39. Qb3+ Kf8 40. Qc4 Qf7 41. Qd3 Qa2 42. Qc2 Qa1+ 43. Kf2 Qa2 44. Qd2 Ke8 45. Qb4 Qd5 46. Ke2 a5 47. Qc3 Kf7 {Cannot make out gamescore game went on to moves} 1/2-1/2

[Event "Winnipeg TNT May op"]
[Site "Winnipeg CAN"]
[Date "2017.05.30"]
[Round "5"]
[White "Gannon, Keith"]
[Black "Lei, Yanyu"]
[Result "1-0"]
[WhiteElo "1630"]
[BlackElo "1262"]
[WhiteFideId "-1"]
[WhiteFideId "-1"]
[PlyCount "81"]
[GameId "2160767908411627"]
[EventDate "2017.05.02"]
[EventType "swiss"]
[EventRounds "5"]
[EventCountry "CAN"]
[SourceTitle "EXT 2022"]
[Source "ChessBase"]
[SourceDate "2021.10.06"]
[SourceVersion "1"]
[SourceVersionDate "2021.10.06"]
[SourceQuality "1"]

1. e4 e6 2. d4 d5 3. exd5 Qxd5 4. Nf3 Nc6 5. Be2 b6 6. O-O Bb7 7. Nc3 Qd7 8. d5 exd5 9. Qxd5 Qxd5 10. Nxd5 O-O-O 11. Rd1 Nd4 12. Nxb6+ axb6 13. Rxd4 Rxd4 14. Nxd4 Bd6 15. Bg4+ Kb8 16. Be3 Nf6 17. Bf3 Nd5 18. Bd2 Be5 19. c3 h5 20. Nf5 h4 21. h3 g6 22. Ne3 Nxe3 23. fxe3 Bxf3 24. gxf3 Rd8 25. Rd1 Kb7 26. Kf1 Kc6 27. Ke2 Kc5 28. e4 f6 29. Be3+ Bd4 30. cxd4+ Kc4 31. Rc1+ Kb4 32. Rxc7 Ra8 33. Rc6 Kb5 34. Rxf6 Rxa2 35. Rxg6 Rxb2+ 36. Bd2 Kc4 37. d5 b5 38. d6 b4 39. d7 b3 40. d8=Q Kc5 41. Qd5# 1-0

[Event "Winnipeg TNT May op"]
[Site "Winnipeg CAN"]
[Date "2017.05.30"]
[Round "5"]
[White "Letain, Cory"]
[Black "Reimer, Bruce"]
[Result "0-1"]
[WhiteElo "1699"]
[BlackElo "1696"]
[WhiteFideId "-1"]
[WhiteFideId "-1"]
[PlyCount "64"]
[GameId "2160767908411628"]
[EventDate "2017.05.02"]
[EventType "swiss"]
[EventRounds "5"]
[EventCountry "CAN"]
[SourceTitle "EXT 2022"]
[Source "ChessBase"]
[SourceDate "2021.10.06"]
[SourceVersion "1"]
[SourceVersionDate "2021.10.06"]
[SourceQuality "1"]

1. d4 g6 2. c4 Bg7 3. Nc3 d6 4. e4 a6 5. f4 b6 6. Nf3 Nd7 7. a3 Bb7 8. Be2 c5 9. d5 e6 10. O-O Ne7 11. Be3 O-O 12. Qc2 exd5 13. Nxd5 Bxd5 14. exd5 Nf5 15. Bf2 Nf6 16. Bd3 Nh6 17. h3 Nh5 18. f5 Nf4 19. fxg6 fxg6 20. Rab1 Qd7 21. Ng5 Bf6 22. Nf3 Nxh3+ 23. Kh1 Nf4 24. Be3 Bg7 25. Bxf4 Rxf4 26. Rbe1 Nf5 27. Bxf5 Rxf5 28. Re6 Rh5+ 29. Kg1 Rf8 30. Qe2 Qd8 31. b3 Rhf5 32. b4 Bd4+ 0-1

[Event "Winnipeg TNT May op"]
[Site "Winnipeg CAN"]
[Date "2017.05.30"]
[Round "5"]
[White "Magyar, Peter"]
[Black "Czarny, Keith"]
[Result "0-1"]
[WhiteElo "1522"]
[BlackElo "1649"]
[WhiteFideId "-1"]
[WhiteFideId "-1"]
[PlyCount "108"]
[GameId "2160767908411629"]
[EventDate "2017.05.02"]
[EventType "swiss"]
[EventRounds "5"]
[EventCountry "CAN"]
[SourceTitle "EXT 2022"]
[Source "ChessBase"]
[SourceDate "2021.10.06"]
[SourceVersion "1"]
[SourceVersionDate "2021.10.06"]
[SourceQuality "1"]

1. d4 e6 2. Bf4 f5 3. Nf3 Nf6 4. h3 Be7 5. e3 b6 6. Be2 Bb7 7. Nbd2 O-O 8. O-O d6 9. c3 Nbd7 10. Re1 Ne4 11. Bc4 d5 12. Be2 Ndf6 13. Ne5 a5 14. Ndf3 Nh5 15. Bh2 f4 16. Bb5 fxe3 17. Rxe3 Bg5 18. Nxg5 Qxg5 19. Qg4 Rf5 20. Qxg5 Rxg5 21. Nf3 Rf5 22. Bxc7 Nf4 23. Ne5 Bc8 24. Nd7 Bxd7 25. Bxd7 Ra7 26. Bxf4 Rxd7 27. g3 Rdf7 28. Re2 g5 29. Be3 Rf3 30. Kg2 h5 31. Bf4 gxf4 32. Kxf3 fxg3+ 33. Kg2 gxf2 34. Rf1 Rg7+ 35. Kh2 Rf7 36. c4 Kh7 37. Rc2 dxc4 38. Re2 Rf4 39. Kg2 b5 40. Re3 b4 41. Rd1 c3 42. bxc3 bxc3 43. Kf1 Nd2+ 44. Rxd2 cxd2 45. Rd3 Kg6 46. Rxd2 Kf5 47. Re2 Rxd4 48. Rxf2+ Rf4 49. a4 e5 50. Ke2 Rxf2+ 51. Kxf2 Kf4 52. Kg2 e4 53. h4 Ke3 54. Kg3 Ke2 0-1

[Event "Winnipeg TNT May op"]
[Site "Winnipeg CAN"]
[Date "2017.05.30"]
[Round "5"]
[White "Swift, Ryne"]
[Black "Babb, Jeff"]
[Result "0-1"]
[WhiteElo "1913"]
[BlackElo "2132"]
[WhiteFideId "-1"]
[WhiteFideId "-1"]
[PlyCount "26"]
[GameId "2160767908411630"]
[EventDate "2017.05.02"]
[EventType "swiss"]
[EventRounds "5"]
[EventCountry "CAN"]
[SourceTitle "EXT 2022"]
[Source "ChessBase"]
[SourceDate "2021.10.06"]
[SourceVersion "1"]
[SourceVersionDate "2021.10.06"]
[SourceQuality "1"]

1. e4 d5 2. exd5 Qxd5 3. c4 Qa5 4. Nc3 g6 5. d4 Bg7 6. Be3 Nf6 7. Nf3 c6 8. Bd3 O-O 9. O-O Nbd7 10. Rb1 e5 11. b4 Qc7 12. Qb3 Ng4 13. c5 exd4 0-1

[Event "Winnipeg TNT May op"]
[Site "Winnipeg CAN"]
[Date "2017.05.30"]
[Round "5"]
[White "Wiebe, Isaac"]
[Black "Khedkar, Jay"]
[Result "1-0"]
[WhiteElo "2243"]
[BlackElo "2030"]
[WhiteFideId "-1"]
[WhiteFideId "-1"]
[PlyCount "103"]
[GameId "2160767908411631"]
[EventDate "2017.05.02"]
[EventType "swiss"]
[EventRounds "5"]
[EventCountry "CAN"]
[SourceTitle "EXT 2022"]
[Source "ChessBase"]
[SourceDate "2021.10.06"]
[SourceVersion "1"]
[SourceVersionDate "2021.10.06"]
[SourceQuality "1"]

1. d4 Nf6 2. Bf4 g6 3. Nc3 Bg7 4. e4 d6 5. Qd2 Nbd7 6. Nf3 c5 7. dxc5 Nxc5 8. e5 Nfe4 9. Nxe4 Nxe4 10. Qb4 d5 11. Bb5+ Bd7 12. Bd3 Qb6 13. Qxb6 axb6 14. Bxe4 dxe4 15. Nd2 Bc6 16. O-O Ra5 17. Nb3 Rd5 18. Rfd1 O-O 19. Rxd5 Bxd5 20. Rd1 e6 21. Nd2 f6 22. c4 Bc6 23. b4 Ba4 24. Rc1 f5 25. f3 e3 26. Nb3 e2 27. Kf2 Rd8 28. Kxe2 Bf8 29. b5 Ba3 30. Rc2 Rc8 31. Bc1 Bb4 32. Bd2 Bc5 33. Rc3 Bb4 34. Rc2 Bc5 35. Kd1 Rd8 36. Kc1 Ba3+ 37. Kb1 Rd3 38. Rc3 Rd7 39. Kc2 Bb4 40. Rd3 Rxd3 41. Kxd3 Bxd2 42. Kxd2 Bxb3 43. axb3 Kf7 44. Ke3 g5 45. Kd4 Ke7 46. g3 Kd7 47. Ke3 Ke7 48. h3 Kf7 49. b4 Ke7 50. c5 Kd7 51. f4 h6 52. fxg5 1-0

[Event "Winnipeg TNT October op"]
[Site "Winnipeg CAN"]
[Date "2017.10.03"]
[Round "1"]
[White "Bince, Rolando"]
[Black "Leaden, Bruce"]
[Result "1-0"]
[WhiteElo "2000"]
[BlackElo "1505"]
[WhiteFideId "-1"]
[WhiteFideId "-1"]
[PlyCount "34"]
[GameId "2160767908330209"]
[EventDate "2017.10.03"]
[EventType "swiss"]
[EventRounds "4"]
[EventCountry "CAN"]
[SourceTitle "EXT 2022"]
[Source "ChessBase"]
[SourceDate "2021.10.06"]
[SourceVersion "1"]
[SourceVersionDate "2021.10.06"]
[SourceQuality "1"]

1. Nf3 Nf6 2. c4 b6 3. d4 Bb7 4. Nc3 e6 5. Qc2 d5 6. e3 c5 7. cxd5 Nxd5 8. Bb5+ Nd7 9. Ne5 N5f6 10. O-O a6 11. Nxd7 Nxd7 12. Bd3 cxd4 13. exd4 Nf6 14. Rd1 Be7 15. Bg5 h6 16. Be3 O-O 17. Qe2 Kh8 1-0

[Event "Winnipeg TNT October op"]
[Site "Winnipeg CAN"]
[Date "2017.10.03"]
[Round "1"]
[White "Furda, Evheniya Diana"]
[Black "Rutter, Blair"]
[Result "0-1"]
[WhiteElo "1615"]
[BlackElo "2035"]
[WhiteFideId "-1"]
[WhiteFideId "-1"]
[PlyCount "84"]
[GameId "2160767908330210"]
[EventDate "2017.10.03"]
[EventType "swiss"]
[EventRounds "4"]
[EventCountry "CAN"]
[SourceTitle "EXT 2022"]
[Source "ChessBase"]
[SourceDate "2021.10.06"]
[SourceVersion "1"]
[SourceVersionDate "2021.10.06"]
[SourceQuality "1"]

1. e4 e6 2. d4 d5 3. Nc3 Nf6 4. e5 Nfd7 5. f4 a6 6. Nf3 c5 7. Be2 Nc6 8. Be3 b5 9. a3 Qb6 10. Qd2 Rb8 11. g3 Bb7 12. Bf1 Na5 13. b3 Nc6 14. Bg2 Rc8 15. Ne2 Na5 16. O-O c4 17. b4 c3 18. Qd3 Nc4 19. Bc1 a5 20. Nxc3 axb4 21. axb4 Be7 22. Nd2 O-O 23. Nxc4 Rxc4 24. Be3 Rfc8 25. Nd1 Rxc2 26. Nf2 Bxb4 27. Rab1 R8c3 28. Qd1 Ba5 29. Bd2 Rc8 30. Bxa5 Qxa5 31. Qd3 Ba6 32. Qe3 Qb6 33. Rfc1 b4 34. Rxc2 Rxc2 35. Rc1 Qc6 36. Rxc2 Qxc2 37. Qe1 b3 38. Qd1 Qc3 39. Bf1 Bxf1 40. Qxf1 b2 41. Qb1 Qc1+ 42. Qxc1 bxc1=Q+ 0-1

[Event "Winnipeg TNT October op"]
[Site "Winnipeg CAN"]
[Date "2017.10.03"]
[Round "1"]
[White "Gannon, Keith"]
[Black "Czypinski, Jaroslaw"]
[Result "0-1"]
[WhiteElo "1495"]
[BlackElo "1972"]
[WhiteFideId "-1"]
[WhiteFideId "-1"]
[PlyCount "28"]
[GameId "2160767740940917"]
[EventDate "2017.10.03"]
[EventType "swiss"]
[EventRounds "4"]
[EventCountry "CAN"]

1. d4 d5 2. e3 Nf6 3. c4 e6 4. Nf3 Bb4+ 5. Bd2 Bxd2+ 6. Nbxd2 O-O 7. Be2 Nbd7 8. O-O Re8 9. cxd5 exd5 10. Re1 Nf8 11. Ne5 Ng6 12. Nxg6 hxg6 13. Bf3 c6 14. b4 Qd6 {etc. Black won in 102 moves.} 0-1

[Event "Winnipeg TNT October op"]
[Site "Winnipeg CAN"]
[Date "2017.10.03"]
[Round "1"]
[White "Kernetsky, Myron"]
[Black "Reimer, Bruce"]
[Result "1-0"]
[WhiteElo "2091"]
[BlackElo "1632"]
[WhiteFideId "-1"]
[WhiteFideId "-1"]
[PlyCount "75"]
[GameId "2160767908330212"]
[EventDate "2017.10.03"]
[EventType "swiss"]
[EventRounds "4"]
[EventCountry "CAN"]
[SourceTitle "EXT 2022"]
[Source "ChessBase"]
[SourceDate "2021.10.06"]
[SourceVersion "1"]
[SourceVersionDate "2021.10.06"]
[SourceQuality "1"]

1. d4 g6 2. Nf3 Bg7 3. c4 d6 4. Nc3 a6 5. e4 e5 6. d5 Ne7 7. Bg5 h6 8. Bh4 O-O 9. Bd3 g5 10. Bg3 f5 11. exf5 Bxf5 12. Qc2 Nd7 13. Ne4 Nf6 14. Nfd2 Qe8 15. Nxf6+ Rxf6 16. Ne4 Rf8 17. h4 Qh5 18. Rh2 Qg6 19. hxg5 hxg5 20. f3 Bh6 21. O-O-O Kg7 22. Rdh1 Rh8 23. Kb1 Raf8 24. Be1 g4 25. Bh4 Ng8 26. Bg5 Bxe4 27. Bxh6+ Nxh6 28. Bxe4 Qf6 29. Qd3 Nf7 30. fxg4 Rxh2 31. Rxh2 Ng5 32. Bf5 Rh8 33. Rh5 Rxh5 34. gxh5 Qe7 35. g4 e4 36. Qe3 b6 37. Kc2 a5 38. Kb3 1-0

[Event "Winnipeg TNT October op"]
[Site "Winnipeg CAN"]
[Date "2017.10.03"]
[Round "1"]
[White "Ledorze, Phil"]
[Black "Sauddin, Ray"]
[Result "1-0"]
[WhiteElo "1871"]
[BlackElo "1459"]
[WhiteFideId "-1"]
[WhiteFideId "-1"]
[PlyCount "65"]
[GameId "2160767908330213"]
[EventDate "2017.10.03"]
[EventType "swiss"]
[EventRounds "4"]
[EventCountry "CAN"]
[SourceTitle "EXT 2022"]
[Source "ChessBase"]
[SourceDate "2021.10.06"]
[SourceVersion "1"]
[SourceVersionDate "2021.10.06"]
[SourceQuality "1"]

1. d4 Nf6 2. c4 g6 3. Nc3 Bg7 4. Nf3 O-O 5. e4 d6 6. Be2 Nbd7 7. O-O e5 8. d5 c5 9. h3 Ne8 10. Bd2 Nb6 11. Qc1 f5 12. Bg5 Bf6 13. Bh6 Rf7 14. exf5 Bxf5 15. g4 e4 16. gxf5 exf3 17. fxg6 hxg6 18. Bxf3 g5 19. Ne4 Rh7 20. Bxg5 Rg7 21. h4 Nd7 22. Bg4 Ne5 23. Be6+ Kh8 24. f4 Nd3 25. Qd2 Nxb2 26. Qe2 Nxc4 27. Qxc4 Bxa1 28. Rxa1 b5 29. Qe2 c4 30. Qh5+ Rh7 31. Qg6 Rg7 32. Qh6+ Rh7 33. Qf8# 1-0